000
00309pab a2200121 454500
008
180718b xxu||||| |||| 00| 0 eng d
100
_a
Shankar, K
245
_a
Narasimham report gathering dust
650
_a
Narasimham Report
650
_a
Financial Institutions
773
_a
Financial Express
909
_a
24096
999
_c
24096
_d
24096